Fachsprache der Geschichte aus der Sicht der Morphologie, Syntax und Lexikologie
Gespeichert in:
| 1. Verfasser: | |
|---|---|
| Weitere Verfasser: | , |
| Format: | Buch |
| Sprache: | Deutsch |
| Veröffentlicht: |
Trnava
RegionMedia
2009
|
| Ausgabe: | 1. vyd. |
| Schlagworte: | |
| Tags: |
Keine Tags, Fügen Sie das erste Tag hinzu!
|
MARC
| LEADER | 00000nam a2200000 4500 | ||
|---|---|---|---|
| 001 | 0169752 | ||
| 005 | 20240502072936.0 | ||
| 020 | |a 978-80-970243-0-7 | ||
| 041 | 0 | |a ger | |
| 044 | |a SK | ||
| 245 | 1 | 0 | |a Fachsprache der Geschichte aus der Sicht der Morphologie, Syntax und Lexikologie |c Ingrid Popelková ; recenzenti Elena Ehrgangová, Danuša Lišková |
| 250 | |a 1. vyd. | ||
| 264 | 1 | |a Trnava |b RegionMedia |c 2009 | |
| 300 | |a 79 s. [3 AH] | ||
| 610 | 2 | 0 | |a jazyky cudzie |
| 610 | 2 | 0 | |a nemčina |
| 610 | 2 | 0 | |a jazykoveda |
| 610 | 2 | 0 | |a syntax |
| 610 | 2 | 0 | |a zásoba slovná |
| 610 | 2 | 0 | |a gramatika |
| 100 | 1 | |a Popelková, Ingrid, 1970- | |
| 700 | 1 | |a Ehrgangová, Elena | |
| 700 | 1 | |a Lišková, Danuša | |